Sports Quiz

Random Sports or MLB Quiz

St. Louis Cardinals' Retired Numbers Quiz Stats

Quiz Updated Nov 14, 2013

Challenge
Share
Tweet
Embed
Score 0/12 Timer 04:00
0 Plays Today
# Name % Correct
6Stan Musial
89%
1Ozzie Smith
87.5%
45Bob Gibson
78.9%
20Lou Brock
61.3%
10Tony La Russa
50.3%
17Dizzy Dean
49.2%
42Bruce Sutter
40.3%
9Enos Slaughter
33.4%
2Red Schoendienst
32.2%
85Gussie Busch
28.5%
14Ken Boyer
28%
24Whitey Herzog
21.6%

You're not logged in!

Compare scores with friends on all Sporcle quizzes.
Sign Up with Email
OR
Log In

You Might Also Like...

Show Comments

Extras

Top Quizzes Today


Score Distribution

Your Account Isn't Verified!

In order to create a playlist on Sporcle, you need to verify the email address you used during registration. Go to your Sporcle Settings to finish the process.